2001 çalışma istatistikleri ve işgücü maliyeti (Record no. 9280)

MARC details
000 -BAŞLIK
Sabit Uzunlukta Kontrol Alanı 01392na a2200313 4500
001 - KONTROL NUMARASI
Denetim Alanı 15169
003 - KONTROL NUMARASI IDENTIFIER
Denetim Alanı MIRAKIL
005 - SON İŞLEM TARİHİ VE ZAMANI
Denetim Alanı 20181213155241.0
008 - SABİT-BOY VERİ ELEMANLARI - GENEL BİLGİLER
Sabit Uzunlukta Kontrol Alanı 160919b tu 000 0
035 ## - SİSTEM KONTROL NUMARASI
Sistem Kontrol Numarası 15169
040 ## - KATALOGLAMA KAYNAK
Orijinal Kataloglama Ajansı Milas
Kataloglama Dili tur
Metne Dönüştürmek Ajansı TR-AnCHP
041 ## - DİL KODU
Metin / Ses Parça Veya Ayrı Başlığın Dil Kodu tur
-- eng
082 ## - DEWEY ONLU SINIFLANDIRMA NUMARASI
Sınıflandırma Numarası 331.8021 2001
Ürün Numarası T57ç 2002
090 ## - SINIFLAMA NUMARASI
Sınıflama Numarası 331.8021 2001 T57ç 2002
110 ## - ANA GİRİŞ - KURUMSAL ADI
Giriş Elemanı Olarak Kurumsal Ad Veya Yargı Alanı Adı Türkiye İşveren Sendikaları Konfederasyonu (TİSK)
245 ## - BAŞLIK TABLOSU
Başlık 2001 çalışma istatistikleri ve işgücü maliyeti
Başlığın Kalan = 2001 labour statistics and labour cost
Sorumluluk Tablosu, Vb Türkiye İşveren Sendikaları Konfederasyonu (TİSK)
246 ## - UNVAN FORM VARYING
Başlık Doğru / Kısa Başlığı 2001 labour statistics and labour cost
260 ## - YAYIN, DAĞITIM, VB
Yayın, Dağıtım, Vb Yeri Ankara
Yayıncı, Dağıtıcı, Vs Adı Türkiye İşveren Sendikaları Konfederasyonu (TİSK)
Yayın, Dağıtım, Vb Tarihi 2002
300 ## - FİZİKSEL TANIM
Kapsam 24 s.
Diğer Fiziksel Ayrıntıları tbl. , grf.
Boyutlar 22 sm.
490 ## - SERİSİ TABLOSU
Seri Beyanı Türkiye İşveren Sendikaları Konfederasyonu
Hacim / Ardışık Tanımı 227
505 ## - BİÇİMLENDİRİLDİ İÇİNDEKİLER NOT
Biçimlendirilmiş İçeriği Dikkat Kitabın içinde "2001 Yılı Çalışma İstatistikleri ve İşgücü Maliyeti'nin TİSK Araştırma Servisince Değerlendirilmesi" eki bulunmaktadır.
546 ## - DİL NOTU
Dil Notu Metinler Türkçe-İngilizce karşılıklıdır.
650 ## - KONU KATMA GİRİŞ - TOPİKAL DÖNEM
Topikal Süreli Veya Coğrafi Ad Giriş Elemanı Çalışma ekonomisi
Form Alt Bölümü İstatistikler
Kronolojik Alt Bölümü Süreli yayınlar
Coğrafi Alt Bölümü Türkiye
650 ## - KONU KATMA GİRİŞ - TOPİKAL DÖNEM
Topikal Süreli Veya Coğrafi Ad Giriş Elemanı Ücretler
Kronolojik Alt Bölümü İstatistikler
Coğrafi Alt Bölümü Türkiye
650 ## - KONU KATMA GİRİŞ - TOPİKAL DÖNEM
Topikal Süreli Veya Coğrafi Ad Giriş Elemanı Sendikalar
Kronolojik Alt Bölümü İstatistikler
Coğrafi Alt Bölümü Türkiye
650 ## - KONU KATMA GİRİŞ - TOPİKAL DÖNEM
Topikal Süreli Veya Coğrafi Ad Giriş Elemanı Sınai ilişkiler
Kronolojik Alt Bölümü İstatistikler
Coğrafi Alt Bölümü Türkiye
651 ## - KONU KATMA GİRİŞ - COĞRAFİ ADI
Coğrafi İsim Türkiye
Genel Alt Bölümü Ekonomik durum
Kronolojik Alt Bölümü İstatistikler
942 ## - EKLENDİ GİRİŞ ELEMANLARI (KOHA)
Sınıflandırma Veya Raf Düzeni Kaynak
Koha Öğesi Türü Books
999 ## - SİSTEM KONTROL NUMARALARI (KOHA)
Koha Biblionumber 9280
Koha Biblioitemnumber 9280
Holdings
Kalıcı Konum Mevcut Konum Edinme Tarihi Edinim Kaynak Toplam Check-Out'Lar Tam Çağrı Numarası Barkod Tarih Son Görülme İtibaren Geçerli Fiyatlar Koha Öğesi Türü Kopya Sayısı
CHP Kütüphanesi CHP Kütüphanesi 09/05/2016 Bağış   331.8021 2001 T57ç 2002 003788 09/05/2016 09/05/2016 Books  
CHP Kütüphanesi CHP Kütüphanesi 09/05/2016 Bağış   331.8021 2001 T57ç 2002 003789 09/05/2016 09/05/2016 Books k.2